| 000 | 00435 a2200169 4500 | ||
|---|---|---|---|
| 001 | 189631 | ||
| 020 | _a978-85-64559-01-1 | ||
| 040 | _cMagnum | ||
| 100 | _aRibeiro, Raphael Rajão | ||
| 240 | 1 | 0 |
_aBelo Horizonte: regional oeste _lpor |
| 245 | 1 | 0 | _aBelo Horizonte: regional oeste |
| 300 | _a77 | ||
| 362 | 0 | _a2008 | |
| 440 | 1 | _aArquivo Público da Cidade de Belo Horizonte | |
| 697 | _aLITERATURA INFANTO-JUVENIL | ||
| 942 | _cBK | ||
| 999 |
_c189631 _d189631 |
||